ALICE : (Record no. 8315)

MARC details
000 -LEADER
fixed length control field 01065nam a22002297a 4500
003 - CONTROL NUMBER IDENTIFIER
control field OSt
005 - DATE AND TIME OF LATEST TRANSACTION
control field 20260206060751.0
008 - FIXED-LENGTH DATA ELEMENTS--GENERAL INFORMATION
fixed length control field 260206b |||||||| |||| 00| 0 eng d
020 ## - INTERNATIONAL STANDARD BOOK NUMBER
International Standard Book Number 9781416955337
040 ## - CATALOGING SOURCE
Original cataloging agency DWCL GS lib
Transcribing agency OC
082 ## - DEWEY DECIMAL CLASSIFICATION NUMBER
Classification number Fic. N333 1995
100 ## - MAIN ENTRY--PERSONAL NAME
Personal name NAYLOR, PHYLLIS REYNOLDS
245 ## - TITLE STATEMENT
Title ALICE :
Remainder of title THE AGONY OF ALICE /
Statement of responsibility, etc. PHYLLIS REYNOLDS NAYLOR
260 ## - PUBLICATION, DISTRIBUTION, ETC.
Place of publication, distribution, etc. New York
Name of publisher, distributor, etc. Simon & Schuster Children's Publishing,
Date of publication, distribution, etc. c1985.
300 ## - PHYSICAL DESCRIPTION
Extent vii, 131 pages:
Other physical details illustrations ;
Dimensions 21cm.
520 ## - SUMMARY, ETC.
Summary, etc. The Agony of Alice (1985) by Phyllis Reynolds Naylor is a coming-of-age story about 12-year-old Alice McKinley, who recently moved to a new town with her father and older brother. Having lost her mother at a young age, Alice navigates the embarrassments of starting 6th grade without a female role model, seeking a mentor while facing everyday preteen traumas.
546 ## - LANGUAGE NOTE
Language note English
650 ## - SUBJECT ADDED ENTRY--TOPICAL TERM
Topical term or geographic name entry element Realistic Fiction / Contemporary
650 ## - SUBJECT ADDED ENTRY--TOPICAL TERM
Topical term or geographic name entry element Coming-of-Age (Bildungsroman)
700 ## - ADDED ENTRY--PERSONAL NAME
Personal name PHYLLIS REYNOLDS NAYLOR
942 ## - ADDED ENTRY ELEMENTS (KOHA)
Source of classification or shelving scheme Dewey Decimal Classification
Koha item type Fiction
Classification part Fic.
Suppress in OPAC No
952 ## - LOCATION AND ITEM INFORMATION (KOHA)
--
Holdings
Withdrawn status Lost status Source of classification or shelving scheme Damaged status Not for loan Home library Current library Shelving location Date acquired Source of acquisition Total Checkouts Full call number Barcode Date last seen Copy number Price effective from Koha item type Uniform Resource Identifier
    Dewey Decimal Classification     Grade School Library Grade School Library Fiction 02/06/2026 School Fund, Donation   Fic. N333 20585 02/06/2026 c1 02/06/2026 FIC.